000
00248nam a2200109Ia 4500
008
190216s9999||||xx |||||||||||||| ||und||
100
_a
Basu C R
245
0
_a
Organisation And Management
260
_b
S Chand & Co
650
_a
Commerce
942
_c
BK
999
_c
5433
_d
5433